Konsolidovaná účtovná závierka
Prehľad právnych predpisov vydaných ku konsolidovanej účtovnej závierke. Povinnosť zostaviť konsolidovanú účtovnú závierku. Súčasti konsolidovanej účtovnej závierky a ich štruktúra. Zásady zostavenia konsolidovanej účtovnej závierky. Oceňovanie v konsolidovanej účtovnej závierke. Materský a dcérsky...
Salvato in:
| Autore principale: | |
|---|---|
| Natura: | Capitolo di libro |
| Lingua: | slovacco |
| Soggetti: | |
| Tags: |
Nessun Tag, puoi essere il primo ad aggiungerne!!
|
MARC
| LEADER | 00000naa a2200000 4500 | ||
|---|---|---|---|
| 001 | r021312 | ||
| 005 | 20230912111224.6 | ||
| 041 | 0 | |a slo | |
| 044 | |a SK | ||
| 245 | 1 | 0 | |a Konsolidovaná účtovná závierka |c Richard Farkaš |
| 520 | |a Prehľad právnych predpisov vydaných ku konsolidovanej účtovnej závierke. Povinnosť zostaviť konsolidovanú účtovnú závierku. Súčasti konsolidovanej účtovnej závierky a ich štruktúra. Zásady zostavenia konsolidovanej účtovnej závierky. Oceňovanie v konsolidovanej účtovnej závierke. Materský a dcérsky podnik. Spoločný podnik. Pridružený podnik. Zahrnutie podnikov do konsolidovanej závierky. Metóda úplnej konsolidácie. Metóda podielovej konsolidácie. Metóda uvedenie do ekvivalencie. Technika konsolidácie. | ||
| 610 | 2 | 0 | |a závierka účtovná konsolidovaná |
| 610 | 2 | 0 | |a metodika |
| 610 | 2 | 0 | |a predpisy právne |
| 610 | 2 | 0 | |a podnik dcérsky |
| 610 | 2 | 0 | |a podnik materský |
| 610 | 2 | 0 | |a podnik spoločný |
| 610 | 2 | 0 | |a podnik pridružený |
| 610 | 2 | 0 | |a konsolidácia |
| 610 | 2 | 0 | |a kapitál |
| 610 | 2 | 0 | |a spoločnosti obchodné |
| 610 | 2 | 0 | |a metódy účtovné |
| 610 | 2 | 0 | |a súvaha |
| 610 | 2 | 0 | |a výkazy účtovné |
| 610 | 2 | 0 | |a zisk |
| 610 | 2 | 0 | |a strata |
| 100 | 1 | |a Farkaš, Richard | |